<?xml version="1.0" encoding="UTF-8"?>
<record
    xmlns:xsi="http://www.w3.org/2001/XMLSchema-instance"
    xsi:schemaLocation="http://www.loc.gov/MARC21/slim http://www.loc.gov/standards/marcxml/schema/MARC21slim.xsd"
    xmlns="http://www.loc.gov/MARC21/slim">

  <leader>01666nam a22002657a 4500</leader>
  <datafield tag="999" ind1=" " ind2=" ">
    <subfield code="c">313</subfield>
    <subfield code="d">313</subfield>
  </datafield>
  <controlfield tag="003">OSt</controlfield>
  <controlfield tag="005">20190606191310.0</controlfield>
  <controlfield tag="008">160301b        xxu||||| |||| 00| 0 esp d</controlfield>
  <datafield tag="040" ind1=" " ind2=" ">
    <subfield code="c">DO-SdBHA</subfield>
    <subfield code="a">DO-SdBHA</subfield>
    <subfield code="b">spa</subfield>
  </datafield>
  <datafield tag="090" ind1=" " ind2=" ">
    <subfield code="a">TG EGES</subfield>
    <subfield code="b">00300 2010</subfield>
  </datafield>
  <datafield tag="100" ind1="1" ind2=" ">
    <subfield code="a">De la Cruz Pi&#xF1;a, Franklin</subfield>
    <subfield code="e">sustentante</subfield>
  </datafield>
  <datafield tag="245" ind1="1" ind2="0">
    <subfield code="a">Integraci&#xF3;n operacional de las Fuerzas Armadas Dominicanas en Operaciones de Mantenimiento de Paz, 2000-2009 / </subfield>
    <subfield code="c"> Franklin De la Cruz Pi&#xF1;a; Junior Garc&#xED;a G&#xF3;mez ; asesores Francisco Avalo N&#xFA;&#xF1;ez, Fanny Torres </subfield>
  </datafield>
  <datafield tag="260" ind1=" " ind2=" ">
    <subfield code="a">Santo Domingo :</subfield>
    <subfield code="b">INSUDE, </subfield>
    <subfield code="c">2010</subfield>
  </datafield>
  <datafield tag="300" ind1=" " ind2=" ">
    <subfield code="a">103 hojas, ilustraciones</subfield>
  </datafield>
  <datafield tag="502" ind1=" " ind2=" ">
    <subfield code="a">Tesis (Especialidad en Comando y Estado Mayor Conjunto). --  Instituto Superior para la Defensa (INSUDE). Escuela de Graduados de Educaci&#xF3;n Superior &#x201C;General Juan Pablo Duarte y D&#xED;ez&#x201D;, 2010.</subfield>
  </datafield>
  <datafield tag="504" ind1=" " ind2=" ">
    <subfield code="a">Incluye referencias bibliogr&#xE1;ficas e &#xED;ndices</subfield>
  </datafield>
  <datafield tag="505" ind1=" " ind2=" ">
    <subfield code="a">Marco jur&#xED;dico que regula la participaci&#xF3;n de las Fuerzas Armadas en diferentes operaciones. -- Participaci&#xF3;n de las Fuerzas Armadas en OMP. -- Nuevas tareas y entrenamiento para OMP. -- Preparaci&#xF3;n de desplazamiento de una unidad de OMP de las FFAA de la Rep. Dom. donde la asigne la ONU-CFAC.           
</subfield>
  </datafield>
  <datafield tag="651" ind1=" " ind2="4">
    <subfield code="a">Rep&#xFA;blica Dominicana -- Fuerzas Armadas -- Misiones de Paz</subfield>
  </datafield>
  <datafield tag="651" ind1=" " ind2="4">
    <subfield code="a">Rep&#xFA;blica Dominicana -- Operaciones Mantenimiento de Paz</subfield>
  </datafield>
  <datafield tag="700" ind1="1" ind2=" ">
    <subfield code="a">Garc&#xED;a G&#xF3;mez, Junior </subfield>
    <subfield code="e">sustentante</subfield>
  </datafield>
  <datafield tag="700" ind1="1" ind2=" ">
    <subfield code="a">Avalo N&#xFA;&#xF1;ez, Francisco </subfield>
    <subfield code="e">asesor</subfield>
  </datafield>
  <datafield tag="700" ind1="1" ind2=" ">
    <subfield code="a">Torres,  Fanny </subfield>
    <subfield code="e">asesor </subfield>
  </datafield>
  <datafield tag="830" ind1=" " ind2=" ">
    <subfield code="a">INSUDE. Escuela de Graduados de Educaci&#xF3;n Superior &#x201C;General Juan Pablo Duarte y D&#xED;ez&#x201D;. Tesis y disertaciones acad&#xE9;micas</subfield>
  </datafield>
  <datafield tag="942" ind1=" " ind2=" ">
    <subfield code="2">CL</subfield>
    <subfield code="c">T</subfield>
  </datafield>
  <datafield tag="952" ind1=" " ind2=" ">
    <subfield code="0">0</subfield>
    <subfield code="1">0</subfield>
    <subfield code="2">CL</subfield>
    <subfield code="4">0</subfield>
    <subfield code="7">1</subfield>
    <subfield code="8">TG</subfield>
    <subfield code="a">BJHA</subfield>
    <subfield code="b">BJHA</subfield>
    <subfield code="d">2016-03-01</subfield>
    <subfield code="i">10-00300</subfield>
    <subfield code="l">0</subfield>
    <subfield code="o">TG EGES 00300 2010</subfield>
    <subfield code="p">10-00300</subfield>
    <subfield code="r">2018-10-06 00:00:00</subfield>
    <subfield code="t">e.1</subfield>
    <subfield code="w">2016-03-01</subfield>
    <subfield code="y">T</subfield>
  </datafield>
  <datafield tag="952" ind1=" " ind2=" ">
    <subfield code="0">0</subfield>
    <subfield code="1">0</subfield>
    <subfield code="2">CL</subfield>
    <subfield code="4">0</subfield>
    <subfield code="7">1</subfield>
    <subfield code="8">TG</subfield>
    <subfield code="a">BJHA</subfield>
    <subfield code="b">BJHA</subfield>
    <subfield code="d">2016-03-01</subfield>
    <subfield code="i">10-00301</subfield>
    <subfield code="l">0</subfield>
    <subfield code="o">TG EGES 00300 2010</subfield>
    <subfield code="p">10-00301</subfield>
    <subfield code="r">2018-10-06 00:00:00</subfield>
    <subfield code="t">e.2</subfield>
    <subfield code="w">2016-03-01</subfield>
    <subfield code="y">T</subfield>
  </datafield>
</record>
